000 00840nam a2200241 i 4500
003 DO-SdBNP
005 20240830134225.0
007 ta
008 240830b1945 dr ||||| |||| 00| 0 spa d
040 _aDO-SdBNP
_bspa
_cBNPHU
_erda
082 4 _222
100 _aMartínez Ramírez, Antonio,
_eautor
_4aut.
_932246
245 1 3 _aEl Dr. José Núñez de Cáceres y la verdadera independencia dominicana /
_cAntonio Martínez Ramírez
264 _aCiudad Trujillo, República Dominicana :
_bImprenta Renovación,
_c1945.
300 _a172 páginas ;
_c23 cm.
336 _atexto
_btxt
_2rdacontent
337 _asin mediación
_bn
_2rdamedia
338 _avolumen
_bnc
_2rdacarrier
500 _aIncluye referencias bibliográficas y notas al pie de las páginas
590 _aInventariado, 2024/BT
910 _aBtavárez
942 _2ddc
_cLBS1
999 _c57596
_d57596